header

Beginning Linux programming (Record no. 77322)

MARC details
000 -LEADER
fixed length control field 01295nam a22003614a 4500
082 04 - DEWEY DECIMAL CLASSIFICATION NUMBER
Classification number 005.26/8
100 1# - MAIN ENTRY--AUTHOR NAME
Personal name Matthew, Neil.
245 10 - TITLE STATEMENT
Title Beginning Linux programming
250 ## - EDITION STATEMENT
Edition statement 3rd ed.
260 ## - PUBLICATION, DISTRIBUTION, ETC. (IMPRINT)
Place of publication Indianapolis, IN :
Name of publisher Wiley Pub.,
Year of publication c2004.
300 ## - PHYSICAL DESCRIPTION
Number of Pages xxxix, 848 p. :
Other physical details ill.
490 1# - SERIES STATEMENT
Series statement Wrox beginning guides
500 ## - GENERAL NOTE
General note "Programmer to programmer."--Cover.
General note Includes index.
650 #0 - SUBJECT ADDED ENTRY--TOPICAL TERM
Topical Term Operating systems (Computers)
700 1# - ADDED ENTRY--PERSONAL NAME
Personal name Stones, Richard.
856 40 - ELECTRONIC LOCATION AND ACCESS
Uniform Resource Identifier http://site.ebrary.com/lib/rucke/Doc?id=10296387

No items available.

© 2026 Rongo University
Contact us: librarian | system librarian | Rongo university